[Event "DVM U20w 2013"]
[Site "Osnabrück GER"]
[Date "2013.12.30"]
[Round "7"]
[White "Evers, Annika"]
[Black "Endress, Anna"]
[Result "1-0"]
[Termination "normal"]
[Board "1.1"]
[WhiteElo "1780"]
[BlackElo "2138"]
[WhiteTeam "SC Leipzig-Lindenau"]
[BlackTeam "TSV Schott Mainz"]
[WhiteFideId "24691933"]
[BlackFideId "24629472"]
[EventCountry "GER"]
[EventRounds "7"]
[EventType "team-swiss"]
[EventDate "2013.12.26"]

1. d4 d5 2. Nf3 Nf6 3. e3 e6 4. Bd3 c5 5. b3 Qc7 6. Bb2 c4 7. Be2 b5 8. Ne5 Bb7
9. O-O Bd6 10. a4 a6 11. axb5 axb5 12. Nc3 Rxa1 13. Qxa1 Qb6 14. Rb1 Qa6 15.
bxc4 bxc4 16. Qxa6 Nxa6 17. Ba3 Bxa3 18. Rxb7 Be7 19. Nc6 Bd8 20. Nxd8 Kxd8 21.
Rb6 Kc7 22. Rxa6 Rb8 23. Ra1 Kd6 24. f3 Rb6 25. Kf2 Rb2 26. Bd1 Rb6 27. Ke2 e5
28. dxe5+ Kxe5 29. Ra5 Ke6 30. Nb5 g6 31. Kd2 h5 32. Kc3 g5 33. Kd4 Rb7 34.
Ra6+ Ke7 35. Ra7 Rxa7 36. Nxa7 Kd6 37. Nb5+ Ke6 38. Nc3 h4 39. Na2 Nd7 40. Nb4
Nb6 41. c3 f6 42. f4 Nc8 43. fxg5 Nd6 44. Nxd5 f5 45. Be2 Ne4 46. g6 {Kxd5+}
1-0

[Event "DVM U20w 2013"]
[Site "Osnabrück GER"]
[Date "2013.12.30"]
[Round "7"]
[White "Brandl, Lea Maria"]
[Black "Klotz, Diana"]
[Result "1-0"]
[Termination "normal"]
[Board "1.4"]
[WhiteElo "1741"]
[BlackElo "1000"]
[WhiteTeam "TSV Schott Mainz"]
[BlackTeam "SC Leipzig-Lindenau"]
[WhiteFideId "24693049"]
[BlackFideId "12983187"]
[EventCountry "GER"]
[EventRounds "7"]
[EventType "team-swiss"]
[EventDate "2013.12.26"]

1. d4 Nc6 2. Nf3 Nf6 3. c4 e6 4. Nc3 Be7 5. Bf4 O-O 6. e3 d6 7. Bd3 e5 8. dxe5
dxe5 9. Nxe5 Nxe5 10. Bxe5 Ng4 11. Bg3 a6 12. O-O c6 13. Qc2 b5 14. cxb5 axb5
15. Bxh7+ Kh8 16. Be4 g6 17. Bxc6 Rb8 18. Bxb8 Ba6 19. Bf4 g5 20. Bg3 Kg7 21.
h3 Nf6 22. Be5 g4 23. hxg4 Kh6 24. Qf5 Bc8 25. g5+ Kh5 26. Bf3+ Kh4 1-0

[Event "DVM U20w 2013"]
[Site "Osnabrück GER"]
[Date "2013.12.30"]
[Round "7"]
[White "Nguyen Minh, Thuy"]
[Black "Manusina, Nicole"]
[Result "1/2-1/2"]
[Termination "normal"]
[Board "2.1"]
[WhiteElo "1975"]
[BlackElo "1827"]
[WhiteTeam "Chemnitzer SC Aufbau`95 1"]
[BlackTeam "SK Lehrte"]
[WhiteFideId "24672688"]
[BlackFideId "24657514"]
[EventCountry "GER"]
[EventRounds "7"]
[EventType "team-swiss"]
[EventDate "2013.12.26"]

1. e4 c5 2. Nf3 e6 3. d4 cxd4 4. Nxd4 Nf6 5. Nc3 Nc6 6. Ndb5 Bb4 7. a3 Bxc3+ 8.
Nxc3 d5 9. exd5 exd5 10. Bd3 O-O 11. O-O h6 12. Bf4 d4 13. Ne4 Nxe4 14. Bxe4
Qf6 15. Qd2 Bf5 16. Rae1 Rfe8 17. Qd3 Bxe4 18. Rxe4 Rxe4 19. Qxe4 Qe7 20. Qf3
Rd8 21. Qg3 Kh8 22. Qb3 Qd7 23. Re1 1/2-1/2

[Event "DVM U20w 2013"]
[Site "Osnabrück GER"]
[Date "2013.12.30"]
[Round "7"]
[White "Böhm, Jana"]
[Black "Nobis, Anna"]
[Result "1/2-1/2"]
[Termination "normal"]
[Board "2.2"]
[WhiteElo "1705"]
[BlackElo "1786"]
[WhiteTeam "SK Lehrte"]
[BlackTeam "Chemnitzer SC Aufbau`95 1"]
[WhiteFideId "24661589"]
[BlackFideId "1270302"]
[EventCountry "GER"]
[EventRounds "7"]
[EventType "team-swiss"]
[EventDate "2013.12.26"]

1. e4 c5 2. c3 d5 3. exd5 Qxd5 4. d4 cxd4 5. cxd4 e6 6. Nc3 Qa5 7. Nf3 Nf6 8.
Bd2 Qd8 9. Bc4 b6 10. O-O Be7 11. Bf4 Bb7 12. Re1 Nd5 13. Nxd5 Bxd5 14. Qb3
Bxc4 15. Qxc4 O-O 16. Rad1 Bd6 17. d5 Bxf4 18. Qxf4 exd5 19. Qf5 Nc6 20. Rxd5
Ne7 21. Rxd8 Nxf5 22. Rd7 Rfd8 23. Red1 Rxd7 24. Rxd7 f6 25. Nd4 Nxd4 1/2-1/2

[Event "DVM U20w 2013"]
[Site "Osnabrück GER"]
[Date "2013.12.30"]
[Round "7"]
[White "Kempe, Anne"]
[Black "Schulze, Lara"]
[Result "1-0"]
[Termination "normal"]
[Board "2.3"]
[WhiteElo "1791"]
[BlackElo "1759"]
[WhiteTeam "Chemnitzer SC Aufbau`95 1"]
[BlackTeam "SK Lehrte"]
[WhiteFideId "12918083"]
[BlackFideId "12956830"]
[EventCountry "GER"]
[EventRounds "7"]
[EventType "team-swiss"]
[EventDate "2013.12.26"]

1. e4 c5 2. Nf3 Nc6 3. Bc4 g6 4. O-O Bg7 5. c3 d6 6. Re1 Qc7 7. Bb3 e6 8. d4
cxd4 9. cxd4 Na5 10. Bc2 Ne7 11. Bd2 Nc4 12. Bc3 d5 13. e5 Bd7 14. Nbd2 Rc8 15.
Rc1 Bh6 16. Nxc4 dxc4 17. Bd2 Bxd2 18. Nxd2 O-O 19. Ne4 Nd5 20. Qf3 Qd8 21. Qh3
f6 22. exf6 Nxf6 23. Nc5 Re8 24. Nxb7 Qb6 25. Nc5 Qxb2 26. Nxd7 Nxd7 27. Ba4
Qb7 28. d5 Re7 29. Rxe6 Rce8 30. Rxe7 Rxe7 31. Bxd7 Rxd7 32. Qe6+ Kg7 33. d6 c3
34. Qe5+ Kg8 35. Qxc3 Rxd6 36. h3 Ra6 37. Qc4+ Kg7 38. Qd4+ Kg8 39. Qd8+ 1-0

[Event "DVM U20w 2013"]
[Site "Osnabrück GER"]
[Date "2013.12.30"]
[Round "7"]
[White "Dannenberg, Nicole"]
[Black "Kaden, Romy"]
[Result "0-1"]
[Termination "normal"]
[Board "2.4"]
[WhiteElo "1161"]
[BlackElo "1807"]
[WhiteTeam "SK Lehrte"]
[BlackTeam "Chemnitzer SC Aufbau`95 1"]
[WhiteFideId "1270508"]
[BlackFideId "12931616"]
[EventCountry "GER"]
[EventRounds "7"]
[EventType "team-swiss"]
[EventDate "2013.12.26"]

1. c4 e5 2. Nc3 Nf6 3. g3 Nc6 4. Bg2 d6 5. h3 Be7 6. e4 Nd4 7. Nge2 Nxe2 8.
Nxe2 c6 9. O-O Be6 10. d3 O-O 11. b3 d5 12. exd5 cxd5 13. Bb2 Qc7 14. Qc2 dxc4
15. dxc4 Bc5 16. Rad1 Rad8 17. Nc3 Nh5 18. Kh2 a6 19. Rfe1 Rxd1 20. Qxd1 Bxf2
21. Nd5 Bxg3+ 22. Kh1 Bxd5 23. Bxd5 Bxe1 24. Qxh5 Bg3 25. Bc1 Bf4 26. Bb2 Qd6
27. Qf3 Qg6 28. Be4 Qd6 29. Bc3 b5 30. cxb5 axb5 31. Qh5 g6 32. Qe2 Rc8 33. Bb2
Qd7 34. Kg2 Rd8 35. Bc3 Qc7 36. Bb4 Qb6 37. Kf3 Qg1 38. Qf2 Qxf2+ 39. Kxf2 Rd4
0-1

[Event "DVM U20w 2013"]
[Site "Osnabrück GER"]
[Date "2013.12.30"]
[Round "7"]
[White "Schäfer, Annabelle"]
[Black "Polert, Annika"]
[Result "1/2-1/2"]
[Termination "normal"]
[Board "3.1"]
[WhiteElo "1948"]
[BlackElo "1834"]
[WhiteTeam "BSV 63 Chemie Weißensee"]
[BlackTeam "TuRa Harksheide von 1945 Norderstedt e. V."]
[WhiteFideId "12917729"]
[BlackFideId "24692328"]
[EventCountry "GER"]
[EventRounds "7"]
[EventType "team-swiss"]
[EventDate "2013.12.26"]

1. e4 e5 2. Nf3 Nc6 3. Bc4 Bc5 4. b4 Bxb4 5. c3 Ba5 6. d4 exd4 7. Nxd4 Ne5 8.
Bb3 Nf6 9. f4 Ng6 10. e5 Ne4 11. Qf3 Nc5 12. Bxf7+ Kxf7 13. Qd5+ Ke8 14. Qxc5
Bb6 15. Qd5 Ne7 16. Qe4 Bxd4 17. cxd4 d5 18. exd6 Qxd6 19. Ba3 Qe6 20. Qxe6
Bxe6 21. O-O Kd7 22. Nc3 Bc4 23. Rfe1 Rae8 24. Ne4 Nf5 25. Kf2 Kc8 26. Bb2 Rd8
27. Nd2 Ba6 28. Nf3 Nd6 29. Rac1 Rhe8 30. g3 Ne4+ 31. Kg2 Nf6 32. Ne5 Nd5 33.
a3 h6 34. Nf7 Rxe1 35. Rxe1 Rf8 36. Ne5 c6 37. Ng6 Rf6 38. Ne7+ Kd7 39. Nxd5
cxd5 40. Re5 Bc4 41. Bc3 g6 1/2-1/2

[Event "DVM U20w 2013"]
[Site "Osnabrück GER"]
[Date "2013.12.30"]
[Round "7"]
[White "Greßmann, Hanna"]
[Black "Rosmait, Emily"]
[Result "1/2-1/2"]
[Termination "normal"]
[Board "3.3"]
[WhiteElo "1537"]
[BlackElo "1715"]
[WhiteTeam "BSV 63 Chemie Weißensee"]
[BlackTeam "TuRa Harksheide von 1945 Norderstedt e. V."]
[WhiteFideId "12930709"]
[BlackFideId "12937754"]
[EventCountry "GER"]
[EventRounds "7"]
[EventType "team-swiss"]
[EventDate "2013.12.26"]

1. e4 e5 2. Nf3 Nc6 3. Bc4 Nf6 4. d3 Be7 5. c3 O-O 6. O-O d6 7. Re1 Na5 8. Bb5
a6 9. Ba4 b5 10. Bc2 c5 11. Nbd2 Re8 12. Nf1 Bf8 13. Ng3 g6 14. Bg5 h6 15. Bd2
Bg7 16. Qc1 Kh7 17. h3 Bb7 18. Be3 Qe7 19. d4 Nc4 20. d5 Bc8 21. Bd3 Nxe3 22.
Qxe3 Bd7 23. b3 Rec8 24. c4 b4 25. Nh2 h5 26. Qe2 h4 27. Ngf1 Bh6 28. Ne3 Nh5
29. Bc2 Nf4 30. Qf3 a5 31. Nhg4 Bg5 32. Kh2 Kg7 33. g3 Nh5 34. Kg2 Rh8 35. Rh1
Qd8 36. Nf1 Qc8 37. Nge3 Nf6 38. g4 Bf4 39. Qe2 Nh7 40. Nd2 Ng5 41. f3 a4 42.
Rac1 axb3 43. axb3 Ra2 44. Bb1 Ra3 45. Bc2 1/2-1/2

[Event "DVM U20w 2013"]
[Site "Osnabrück GER"]
[Date "2013.12.30"]
[Round "7"]
[White "Schramm, Anna-Lena"]
[Black "Kluge, Helene"]
[Result "1-0"]
[Termination "normal"]
[Board "3.4"]
[WhiteElo "1434"]
[BlackElo "1018"]
[WhiteTeam "TuRa Harksheide von 1945 Norderstedt e. V."]
[BlackTeam "BSV 63 Chemie Weißensee"]
[WhiteFideId "12918237"]
[BlackFideId "12983179"]
[EventCountry "GER"]
[EventRounds "7"]
[EventType "team-swiss"]
[EventDate "2013.12.26"]

1. c4 e5 2. Nc3 Nf6 3. g3 Bc5 4. Bg2 Nc6 5. e3 d6 6. Nge2 O-O 7. O-O Bg4 8. h3
Bd7 9. d4 exd4 10. exd4 Bb6 11. Re1 Re8 12. Bg5 h6 13. Be3 Qc8 14. Kh2 Bf5 15.
a3 a6 16. c5 dxc5 17. dxc5 Ba7 18. b4 Qd8 19. Qb3 Be6 20. Qc2 Qd7 21. Rad1 Qe7
22. Nf4 Bd7 23. Nfd5 Nxd5 24. Nxd5 Qd8 25. Nf4 Qc8 26. Nh5 Be6 27. Qc3 f6 28.
Qd3 Bf7 29. Bd5 Bxd5 30. Qxd5+ Kh8 31. Bf4 Rg8 32. Qf7 Bb8 33. Bxh6 gxh6 34.
Nxf6 Rg7 35. Re8+ Qxe8 36. Qxe8+ 1-0

[Event "DVM U20w 2013"]
[Site "Osnabrück GER"]
[Date "2013.12.30"]
[Round "7"]
[White "Hartewig, Anja"]
[Black "Stoll, Katja"]
[Result "1-0"]
[Termination "normal"]
[Board "4.1"]
[WhiteElo "1819"]
[BlackElo "1855"]
[WhiteTeam "Chemnitzer SC Aufbau`95 2"]
[BlackTeam "SC Bechhofen 1923 e.V."]
[WhiteFideId "12917966"]
[BlackFideId "1271730"]
[EventCountry "GER"]
[EventRounds "7"]
[EventType "team-swiss"]
[EventDate "2013.12.26"]

1. d4 d5 2. c4 c6 3. Nf3 Nf6 4. g3 e6 5. Bg2 Nbd7 6. O-O Bd6 7. Nbd2 O-O 8. Qc2
Qe7 9. Re1 e5 10. e4 dxe4 11. Nxe4 Nxe4 12. Qxe4 f5 13. Qc2 e4 14. c5 Bc7 15.
Ng5 Nf6 16. f3 h6 17. Nh3 Qd7 18. Be3 exf3 19. Bxf3 Kh8 20. Rad1 Nd5 21. Bxd5
Qxd5 22. Nf4 Bxf4 23. Bxf4 Qxa2 24. Re7 Qd5 25. Qd2 Rf7 26. Rde1 Bd7 27. Bxh6
gxh6 28. Qxh6+ Kg8 29. Qg6+ Kf8 30. Rxf7+ Qxf7 31. Qd6+ Kg8 32. Re7 Qh5 33.
Qxd7 Qd1+ 34. Kf2 Qd2+ 35. Re2 Qh6 36. h4 Qf6 37. Re5 Qd8 38. Re7 Qxd7 39. Rxd7
b6 40. Ke3 bxc5 41. dxc5 Rb8 42. Rxa7 Rxb2 43. Rc7 Rb4 44. Rxc6 Kg7 45. Rd6 Rg4
46. Kf3 Rc4 47. c6 Kf7 48. h5 Rc1 49. h6 Re1 50. Rd7+ Ke6 51. h7 Rh1 52. Rg7
Kf6 53. Rb7 Ke6 54. c7 1-0

[Event "DVM U20w 2013"]
[Site "Osnabrück GER"]
[Date "2013.12.30"]
[Round "7"]
[White "Schäfer, Ann-Kathrin"]
[Black "Nitzsche, Pia"]
[Result "0-1"]
[Termination "normal"]
[Board "4.2"]
[WhiteElo "1710"]
[BlackElo "1683"]
[WhiteTeam "SC Bechhofen 1923 e.V."]
[BlackTeam "Chemnitzer SC Aufbau`95 2"]
[WhiteFideId "24615412"]
[BlackFideId "12900370"]
[EventCountry "GER"]
[EventRounds "7"]
[EventType "team-swiss"]
[EventDate "2013.12.26"]

1. e4 c5 2. Nf3 Nc6 3. a3 d6 4. b4 cxb4 5. d4 bxa3 6. Bxa3 a6 7. c4 Nf6 8. Nbd2
Bg4 9. Qb1 Qc7 10. Bd3 g6 11. O-O Bg7 12. Qb3 O-O 13. Bb2 Nd7 14. Rac1 Rac8 15.
h3 Bxf3 16. Nxf3 Qb8 17. Rfd1 Qa7 18. Bb1 Qb8 19. Nh2 b5 20. cxb5 Qxb5 21. Qa2
Qb6 22. Rc4 Rc7 23. f4 Rfc8 24. f5 Nxd4 25. Bxd4 Bxd4+ 26. Rcxd4 Rc1 0-1

[Event "DVM U20w 2013"]
[Site "Osnabrück GER"]
[Date "2013.12.30"]
[Round "7"]
[White "Pührer, Anne"]
[Black "Alsheimer, Lea"]
[Result "1/2-1/2"]
[Termination "normal"]
[Board "4.3"]
[WhiteElo "1724"]
[BlackElo "1406"]
[WhiteTeam "Chemnitzer SC Aufbau`95 2"]
[BlackTeam "SC Bechhofen 1923 e.V."]
[WhiteFideId "24692247"]
[BlackFideId "12918180"]
[EventCountry "GER"]
[EventRounds "7"]
[EventType "team-swiss"]
[EventDate "2013.12.26"]

1. e4 e6 2. d4 d5 3. Nd2 Nf6 4. e5 Nfd7 5. Bd3 c5 6. c3 b5 7. Bxb5 Qb6 8. Bxd7+
Nxd7 9. Ne2 cxd4 10. cxd4 Ba6 11. Nf3 Qb5 12. a3 Be7 13. b4 O-O 14. Bd2 Rac8
15. a4 Qd3 16. b5 Bb7 17. O-O a6 18. Rb1 axb5 19. axb5 Nb6 20. Bb4 Qxd1 21.
Rfxd1 Bxb4 22. Rxb4 Nc4 23. Nc1 Rb8 24. Nd3 Rfc8 25. Nc5 Bc6 26. Na6 Rxb5 27.
Rxb5 Bxb5 1/2-1/2

[Event "DVM U20w 2013"]
[Site "Osnabrück GER"]
[Date "2013.12.30"]
[Round "7"]
[White "Böse, Christina"]
[Black "Fischer, Franziska"]
[Result "0-1"]
[Termination "normal"]
[Board "4.4"]
[WhiteElo "1311"]
[BlackElo "1530"]
[WhiteTeam "SC Bechhofen 1923 e.V."]
[BlackTeam "Chemnitzer SC Aufbau`95 2"]
[WhiteFideId "12929654"]
[BlackFideId "12924199"]
[EventCountry "GER"]
[EventRounds "7"]
[EventType "team-swiss"]
[EventDate "2013.12.26"]

1. e4 c6 2. d4 d5 3. e5 e6 4. c3 Ne7 5. Bd3 Ng6 6. Nf3 Be7 7. Be3 b6 8. Nbd2
Ba6 9. Bxa6 Nxa6 10. Qc2 O-O 11. g3 c5 12. h4 h5 13. O-O-O Rc8 14. Qa4 cxd4 15.
Qxd4 Bc5 16. Qa4 Nb4 17. Kb1 Nd3 18. Bxc5 bxc5 19. Rdf1 Qb6 20. Qb3 Qxb3 21.
Nxb3 Ngxe5 22. Nxe5 Nxe5 23. f3 Nc4 24. Re1 a5 25. Rh2 Rc7 26. g4 hxg4 27. fxg4
Rb8 28. Nc1 Rcb7 29. Ree2 a4 30. h5 a3 31. b3 Nb2 32. Kc2 d4 33. Rh3 Rd7 34.
Rg2 Nc4 35. Kb1 Ne3 36. Rgg3 Nd1 37. Ne2 Nf2 38. Rh2 d3 0-1

[Event "DVM U20w 2013"]
[Site "Osnabrück GER"]
[Date "2013.12.30"]
[Round "7"]
[White "Eue, Vicky"]
[Black "Bork, Sophie"]
[Result "0-1"]
[Termination "normal"]
[Board "5.1"]
[WhiteElo "1646"]
[BlackElo "1542"]
[WhiteTeam "Leegebrucher Schachfreunde"]
[BlackTeam "Schachverein Welper 1922 e.V."]
[WhiteFideId "12945838"]
[BlackFideId "12905429"]
[EventCountry "GER"]
[EventRounds "7"]
[EventType "team-swiss"]
[EventDate "2013.12.26"]

1. e4 e5 2. Nf3 Nc6 3. Bb5 f5 4. d3 fxe4 5. dxe4 Nf6 6. Bxc6 bxc6 7. Qe2 Bd6 8.
Nbd2 a5 9. b3 Qe7 10. Bb2 Ba6 11. c4 O-O 12. O-O Rae8 13. h3 Qf7 14. Nh4 Bc5
15. Qf3 d5 16. exd5 cxd5 17. Rac1 e4 18. Qf4 e3 19. Ndf3 exf2+ 20. Kh1 Ne4 21.
Qg4 Bc8 22. Nf5 Bxf5 23. Qh4 Be7 24. Qf4 Bg6 25. Qh2 Bd6 26. Be5 Bxe5 27. Nxe5
Qf4 28. Qxf4 Rxf4 29. Kh2 Rxe5 30. cxd5 Rxd5 0-1

[Event "DVM U20w 2013"]
[Site "Osnabrück GER"]
[Date "2013.12.30"]
[Round "7"]
[White "Hütte, Sarah"]
[Black "Reck, Jessica"]
[Result "0-1"]
[Termination "normal"]
[Board "5.2"]
[WhiteElo "1305"]
[BlackElo "1274"]
[WhiteTeam "Schachverein Welper 1922 e.V."]
[BlackTeam "Leegebrucher Schachfreunde"]
[WhiteFideId "12929611"]
[BlackFideId "12917931"]
[EventCountry "GER"]
[EventRounds "7"]
[EventType "team-swiss"]
[EventDate "2013.12.26"]

1. d4 e6 2. Nc3 d5 3. f3 Nf6 4. Bg5 Nbd7 5. e4 Be7 6. e5 Ng8 7. Bxe7 Nxe7 8.
Bd3 O-O 9. Nge2 f6 10. f4 fxe5 11. fxe5 c5 12. dxc5 Nxc5 13. Qd2 Qb6 14. O-O-O
Bd7 15. Rhf1 Nxd3+ 16. Qxd3 Nf5 17. Rf3 Qd8 18. Qd2 Qc7 19. Qf4 Nh6 20. Qg5
Rxf3 21. gxf3 Nf7 22. Qg2 Qxe5 23. f4 Qe3+ 24. Kb1 Bc6 25. Qg4 Nh6 26. Qg5 Rf8
27. Rg1 Nf5 28. a3 h6 29. Qg4 Qf2 30. h3 Qh4 31. Qg6 Rf6 32. Qg4 Qxg4 33. hxg4
Ne3 34. Rg3 Nf1 35. Rg1 Nd2+ 36. Ka2 Nf3 37. Rg3 d4 38. Nd1 Bb5 39. Ng1 Nxg1
40. Rxg1 Rxf4 41. Kb1 Rf1 42. Rxf1 Bxf1 43. Nf2 Kf7 44. Kc1 Be2 45. Kd2 Bf3 46.
Kd3 e5 47. Kc4 Kf6 48. b4 Kg5 49. a4 Bxg4 0-1

[Event "DVM U20w 2013"]
[Site "Osnabrück GER"]
[Date "2013.12.30"]
[Round "7"]
[White "Sauer, Annika"]
[Black "Marx, Jasmin"]
[Result "1/2-1/2"]
[Termination "normal"]
[Board "5.3"]
[WhiteElo "1350"]
[BlackElo "1250"]
[WhiteTeam "Leegebrucher Schachfreunde"]
[BlackTeam "Schachverein Welper 1922 e.V."]
[WhiteFideId "12952052"]
[BlackFideId "12929620"]
[EventCountry "GER"]
[EventRounds "7"]
[EventType "team-swiss"]
[EventDate "2013.12.26"]

1. d4 d5 2. Nf3 Nf6 3. e3 Bf5 4. Bd3 Bxd3 5. Qxd3 c6 6. Nbd2 e6 7. c4 Be7 8.
O-O O-O 9. b3 Nbd7 10. Bb2 Bd6 11. Ne5 Ne8 12. Nxd7 Qxd7 13. c5 Bc7 14. e4 dxe4
15. Nxe4 Qd5 16. Qf3 Rd8 17. Rad1 Rd7 18. Bc1 Bd8 19. Rd3 Nf6 20. Nxf6+ Bxf6
21. Qxd5 Rxd5 22. Rfd1 Rfd8 23. Be3 e5 24. f3 exd4 25. Bf2 Be7 26. Rxd4 Bxc5
27. Rxd5 Bxf2+ 28. Kxf2 Rxd5 29. Rxd5 cxd5 30. Ke3 g5 31. Kd4 b6 1/2-1/2

[Event "DVM U20w 2013"]
[Site "Osnabrück GER"]
[Date "2013.12.30"]
[Round "7"]
[White "Schaller, Bettina"]
[Black "Wolff, Marie Antoinette"]
[Result "0-1"]
[Termination "normal"]
[Board "5.4"]
[WhiteElo "1262"]
[BlackElo "1406"]
[WhiteTeam "Schachverein Welper 1922 e.V."]
[BlackTeam "Leegebrucher Schachfreunde"]
[WhiteFideId "12929638"]
[BlackFideId "12908258"]
[EventCountry "GER"]
[EventRounds "7"]
[EventType "team-swiss"]
[EventDate "2013.12.26"]

1. d4 d5 2. c4 c6 3. Nc3 Nf6 4. Nf3 Bf5 5. Qb3 b6 6. e3 e6 7. Be2 Bd6 8. cxd5
cxd5 9. O-O O-O 10. Nb5 Nc6 11. Nxd6 Qxd6 12. Bd2 Ne4 13. Bc3 Rac8 14. Rac1 Bg4
15. h3 Bxf3 16. Bxf3 Nxc3 17. bxc3 Na5 18. Qb4 Qd7 19. Be2 Nc4 20. Bd3 a5 21.
Qb1 Nd2 22. Qc2 Nxf1 23. Rxf1 g6 24. Rb1 Qd6 25. Qb3 Rc7 26. Rc1 Rb8 27. Bb5 e5
28. c4 exd4 29. exd4 dxc4 30. Rxc4 Rxc4 31. Qxc4 Rd8 32. a4 Qxd4 33. Qc6 Qd1+
34. Bf1 Qd6 35. Qb7 Rb8 36. Qe4 Qb4 37. Qc6 Qc5 38. Qe4 b5 39. axb5 Rxb5 40.
Bxb5 Qxb5 41. Qd4 Qb4 42. Qd7 a4 43. Qe8+ Kg7 44. Qe5+ f6 45. Qc7+ Kh6 46. h4
Qe1+ 47. Kh2 Qe5+ 0-1

[Event "DVM U20w 2013"]
[Site "Osnabrück GER"]
[Date "2013.12.30"]
[Round "7"]
[White "Wilke, Tabea"]
[Black "Krtschil, Anna"]
[Result "1-0"]
[Termination "normal"]
[Board "6.1"]
[WhiteElo "1748"]
[BlackElo "1445"]
[WhiteTeam "SC 1979 Hattersheim"]
[BlackTeam "SG Burgtonna"]
[WhiteFideId "12910015"]
[BlackFideId "4611144"]
[EventCountry "GER"]
[EventRounds "7"]
[EventType "team-swiss"]
[EventDate "2013.12.26"]

1. e4 c5 2. Nc3 g6 3. f4 Bg7 4. Bc4 a6 5. a4 d6 6. Nf3 Nf6 7. O-O Nxe4 8. Bxf7+
Kxf7 9. Nxe4 Rf8 10. c3 Kg8 11. Qb3+ Kh8 12. Nfg5 Qe8 13. Re1 1-0

[Event "DVM U20w 2013"]
[Site "Osnabrück GER"]
[Date "2013.12.30"]
[Round "7"]
[White "Halle, Julia"]
[Black "Rosmanitz, Anna"]
[Result "1-0"]
[Termination "normal"]
[Board "6.2"]
[WhiteElo "1403"]
[BlackElo "1631"]
[WhiteTeam "SG Burgtonna"]
[BlackTeam "SC 1979 Hattersheim"]
[WhiteFideId "24694940"]
[BlackFideId "12910058"]
[EventCountry "GER"]
[EventRounds "7"]
[EventType "team-swiss"]
[EventDate "2013.12.26"]

1. e4 d5 2. e5 Bf5 3. d4 e6 4. Nf3 c6 5. Be2 Nd7 6. O-O c5 7. c3 Qc7 8. Bf4 Ne7
9. dxc5 Nxc5 10. Bb5+ Nc6 11. Bxc6+ Qxc6 12. Nd4 Qd7 13. Nxf5 exf5 14. Qd4 Ne6
15. Qe3 Bc5 16. Qg3 O-O-O 17. Nd2 h6 18. Nb3 Nxf4 19. Qxf4 Bb6 20. Rad1 g5 21.
Qd2 f4 22. Nd4 Rhe8 23. Rfe1 Re7 24. Qe2 Rde8 25. Qh5 Qd6 26. Nf5 Bxf2+ 27.
Kxf2 Qc5+ 28. Rd4 Rxe5 29. Rxe5 Rxe5 30. Qxf7 Qb6 31. Qf8+ Kd7 32. Qg7+ Kc8 33.
Qxe5 Qxb2+ 34. Kf3 Qxc3+ 35. Kg4 h5+ 36. Kxg5 Qa5 37. Ne7+ Kd8 38. Rxd5+ 1-0

[Event "DVM U20w 2013"]
[Site "Osnabrück GER"]
[Date "2013.12.30"]
[Round "7"]
[White "Neisius, Laura"]
[Black "Winterberg, Johanna"]
[Result "0-1"]
[Termination "normal"]
[Board "6.3"]
[WhiteElo "1315"]
[BlackElo "1365"]
[WhiteTeam "SC 1979 Hattersheim"]
[BlackTeam "SG Burgtonna"]
[WhiteFideId "12910040"]
[BlackFideId "12929344"]
[EventCountry "GER"]
[EventRounds "7"]
[EventType "team-swiss"]
[EventDate "2013.12.26"]

1. e4 c5 2. c3 Nc6 3. Nf3 Nf6 4. d3 d6 5. Be2 g6 6. Bg5 Bg7 7. Qd2 O-O 8. h3 b5
9. Bh6 a5 10. Na3 b4 11. Bxg7 Kxg7 12. cxb4 axb4 13. Nc4 Be6 14. b3 Bxc4 15.
dxc4 Nxe4 16. Qb2+ Kg8 17. Bd3 Nc3 18. O-O e5 19. Rfe1 Re8 20. Be4 Nxe4 21.
Rxe4 Nd4 22. Nh2 f5 23. Re3 e4 24. Rae1 d5 25. cxd5 Qxd5 26. f3 Re6 27. fxe4
Rxe4 28. Ng4 Kf7 29. Rxe4 fxe4 30. Rf1+ Ke7 31. Qf2 Nf5 32. Qf4 Rxa2 33. Qg5+
Ke6 34. Qf6+ Kd7 35. Qg5 Kc6 36. Re1 e3 37. Qf6+ Kb5 38. Nxe3 Nxe3 39. Kh1
Qxg2# 0-1

[Event "DVM U20w 2013"]
[Site "Osnabrück GER"]
[Date "2013.12.30"]
[Round "7"]
[White "Schirrmeister, Laura"]
[Black "Goldhausen, Nina"]
[Result "1/2-1/2"]
[Termination "normal"]
[Board "6.4"]
[WhiteElo "992"]
[BlackElo "1078"]
[WhiteTeam "SG Burgtonna"]
[BlackTeam "SC 1979 Hattersheim"]
[WhiteFideId "24694967"]
[BlackFideId "12927309"]
[EventCountry "GER"]
[EventRounds "7"]
[EventType "team-swiss"]
[EventDate "2013.12.26"]

1. e4 c6 2. Nf3 d5 3. e5 f6 4. d4 Bg4 5. c4 fxe5 6. dxe5 e6 7. Qb3 Qc7 8. Bf4
Bc5 9. cxd5 exd5 10. Be2 Ne7 11. h3 Bc8 12. O-O O-O 13. Be3 Bxe3 14. Qxe3 Bf5
15. Bd3 Nd7 16. e6 Bxd3 17. Qxd3 Nf6 18. Nbd2 Qd6 19. Rfe1 Rfe8 20. Nd4 c5 21.
Nf5 1/2-1/2